| 000 | 00571nam a22001937a 4500 | ||
|---|---|---|---|
| 005 | 20251108165758.0 | ||
| 008 | 250721s1992 xx 000 0 ara d | ||
| 082 | 1 | 4 | _aم/343.20962/مصط |
| 100 | 1 | _aهرجه، مصطفى مجدي | |
| 245 | 1 | 0 | _aالتعليق على قانون العقوبات في ضوء الفقه و القضاء / |
| 250 | _aط2 | ||
| 264 | 1 |
_aالقاهره : _c1992. |
|
| 300 | _a1591ص | ||
| 650 | 1 | 7 | _aالقانون الجنائي |
| 650 | 1 | 7 | _aالقانون الدولي |
| 650 | 1 | 7 | _aمصر |
| 942 |
_2ddc _cREF |
||
| 999 |
_c31098 _d31098 |
||